Dictionary of lanscape architecture and construction
Gardado en:
| Autor Principal: | |
|---|---|
| Formato: | Libro |
| Idioma: | Undetermined |
| Publicado: |
New York
Mc GrawHill
2005
|
| Những chủ đề: | |
| Các nhãn: |
Engadir etiqueta
Sen Etiquetas, Sexa o primeiro en etiquetar este rexistro!
|
| Thư viện lưu trữ: | Trung tâm Học liệu Trường Đại học Cần Thơ |
|---|
| LEADER | 00560nam a2200205Ia 4500 | ||
|---|---|---|---|
| 001 | CTU_88186 | ||
| 008 | 210402s9999 xx 000 0 und d | ||
| 020 | |c 1119000 | ||
| 082 | |a 712.03 | ||
| 082 | |b C554 | ||
| 100 | |a Christensen, Alan Jay | ||
| 245 | 0 | |a Dictionary of lanscape architecture and construction | |
| 245 | 0 | |c Alan Jay Christensen | |
| 260 | |a New York | ||
| 260 | |b Mc GrawHill | ||
| 260 | |c 2005 | ||
| 650 | |a Landscape architecture | ||
| 650 | |x Dictionaries | ||
| 904 | |i Năm | ||
| 980 | |a Trung tâm Học liệu Trường Đại học Cần Thơ | ||